| 000 | 00433nam a2200145Ia 4500 | ||
|---|---|---|---|
| 008 | 231129s1994||||xx |||||||||||||| ||spa|| | ||
| 020 | _a958-28-0675-3 | ||
| 040 | _bspa | ||
| 082 | _a 158.2 B261q | ||
| 100 | _aBarnetche de Castillo María Esther | ||
| 245 | 0 | _aQuiero ser libre: No sufra más ¡sea usted mismo! | |
| 260 | _c1994 | ||
| 264 | _aCírculo de Lectores | ||
| 942 |
_2ddc _cBKS |
||
| 999 |
_c23639 _d23639 |
||